Statistiche per Marcatori dell'Inter in UEFA Champions League 2011-2012

Clicka qui per fare il quiz!

Statistiche generali

  • Questo quiz è stato fatto 5 volte
  • Il punteggio medio è 8 su 10

Statistiche sulle risposte

PartitaMinutoMarcatore% Corretto
Inter - Olympique Marsiglia 2-175'Diego Milito
100%
Inter - Lilla 2-165'Diego Milito
100%
Inter - CSKA Mosca 1-251'Esteban Cambiasso
100%
CSKA Mosca - Inter 2-323'Giampaolo Pazzini
100%
Lilla - Inter 0-121'Giampaolo Pazzini
100%
Inter - Olympique Marsiglia 2-196'Giampaolo Pazzini
100%
CSKA Mosca - Inter 2-36'Lúcio
80%
Inter - Lilla 2-118'Samuel
80%
Trabzonspor - Inter 1-118'Ricardo Álvarez
40%
CSKA Mosca - Inter 2-379'Mauro Zárate
20%

Distribuzione punteggi

Percentile per numero di risposta

Percentuale di utenti per punteggio

I tuoi punteggi nel tempo

Non hai fatto questo quiz